书目信息 |
| 题名: |
药品分析
|
|
| 作者: | 吴康兵、费俊杰等编著 | |
| 分册: | ||
| 出版信息: | 北京 科学技术文献出版社 2006.7 |
|
| 页数: | ||
| 开本: | 26cm | |
| 丛书名: | 实用分析测试技术丛书 | |
| 单 册: | ||
| 中图分类: | R917 | |
| 科图分类: | ||
| 主题词: | 药物分析-高等学校:技术学校-教材 | |
| 电子资源: | ||
| ISBN: | 7-5023-5323-2 | |
| 000 | 00969nam0 2200253 45 | |
| 001 | 010441816292 | |
| 005 | 20070607165406.01 | |
| 010 | @a7-5023-5323-2@dCNY29.00 | |
| 092 | @aCN@b安徽儒林-K753-0658 | |
| 100 | @a20060802d2006 ekmy0 y0120 ea | |
| 102 | @aCN@b110000 | |
| 105 | @ay z 000yy | |
| 200 | 1 | @a药品分析@f吴康兵、费俊杰等编著 |
| 210 | @a北京@c科学技术文献出版社@d2006.7 | |
| 215 | @d26cm | |
| 225 | 2 | @a实用分析测试技术丛书 |
| 300 | @a药品生产、质检等行业和部门检验、生产与管理人员,大专院校相关 | |
| 330 | @a本书分为两部分。前一部分主要介绍药物的鉴别、杂质检查、含量测定、制剂分析等内容,后一部分介绍目前国内(以及国际上)一些基本药物的质量标准(包括鉴别、检查和含量测定等项目)。全书在介绍药物质量标准时,以2004年国家基本药物为准绳,按药物类别逐一编写,并按 | |
| 606 | 1 | @a药物分析-高等学校:技术学校-教材 |
| 690 | @aR917@v4 | |
| 701 | 0 | @a吴康兵、费俊杰等编著 |
| 801 | 0 | @aCN@c20070607 |
| 905 | @dR917@eW810 | |
| 906 | @dCNY29.00@n3@r1 | |
| 药品分析/吴康兵、费俊杰等编著.-北京:科学技术文献出版社,2006.7 |
| 26cm.-(实用分析测试技术丛书) |
| 药品生产、质检等行业和部门检验、生产与管理人员,大专院校相关 |
| ISBN 7-5023-5323-2:CNY29.00 |
| 本书分为两部分。前一部分主要介绍药物的鉴别、杂质检查、含量测定、制剂分析等内容,后一部分介绍目前国内(以及国际上)一些基本药物的质量标准(包括鉴别、检查和含量测定等项目)。全书在介绍药物质量标准时,以2004年国家基本药物为准绳,按药物类别逐一编写,并按 |
| ● |
| 相关链接 |
|
|
|
正题名:药品分析
索取号:R917/W810
 
预约/预借
| 序号 | 登录号 | 条形码 | 馆藏地/架位号 | 状态 | 备注 |
| 1 | 229855 | 202298557 | 自科库401/401自科库 22排4列2层/ [索取号:R917/W810] | 在馆 | |
| 2 | 229856 | 202298566 | 自科库401/401自科库 22排4列2层/ [索取号:R917/W810] | 在馆 | |
| 3 | 229857 | 202298575 | 自科库401/401自科库 22排4列2层/ [索取号:R917/W810] | 在馆 |